[Event "SRB-chT"]
[Site "Belgrade"]
[Date "2010.10.04"]
[Round "4"]
[White "Marinovic, Bozidar"]
[Black "Tatisic, Milan"]
[Result "1-0"]
[WhiteElo "2398"]
[BlackElo "2239"]
[PlyCount "71"]
[EventDate "2010.10.01"]
[EventType "team-tourn"]
[EventRounds "11"]
[EventCountry "YUG"]
[SourceTitle "CBM 138 Extra"]
[Source "ChessBase"]
[SourceDate "2010.10.29"]
[SourceVersion "1"]
[SourceVersionDate "2010.10.29"]
[SourceQuality "1"]

1. e4 c5 2. Nf3 Nc6 3. Bb5 g6 4. Bxc6 dxc6 5. d3 Bg7 6. Nc3 Qc7 7. Be3 b6 8. Qd2 h6 9. h3 e5 10. a3 Qe7 11. 0-0 g5 12. Ne2 f5 13. exf5 Bxf5 14. Ng3 Bg6 15. Rfe1 0-0-0 16. Qe2 Nf6 17. Bd2 Nd7 18. Bc3 Rhe8 19. Nd2 Qe6 20. Nge4 Nf8 21. b4 cxb4 22. axb4 Kb8 23. Ra6 Qc8 24. Rea1 Re7 25. Nc4 Qb7 26. Qe3 Nd7 27. Nxg5 hxg5 28. Qxg5 Bf6 29. Qxg6 Rg7 30. Qe4 Rdg8 31. g3 c5 32. Qxb7+ Kxb7 33. Rxa7+ Kc6 34. bxc5 Kxc5 35. Rc7+ Kd5 36. Rxd7+ 1-0

[Event "SRB-chT"]
[Site "Belgrade"]
[Date "2010.10.03"]
[Round "3"]
[White "Tatisic, Milan"]
[Black "Biocanin, Goran"]
[Result "1/2-1/2"]
[WhiteElo "2239"]
[BlackElo "2320"]
[PlyCount "88"]
[EventDate "2010.10.01"]
[EventType "team-tourn"]
[EventRounds "11"]
[EventCountry "YUG"]
[SourceTitle "CBM 138 Extra"]
[Source "ChessBase"]
[SourceDate "2010.10.29"]
[SourceVersion "1"]
[SourceVersionDate "2010.10.29"]
[SourceQuality "1"]

1. c4 g6 2. g3 Bg7 3. Bg2 e5 4. Nc3 Ne7 5. e4 d6 6. Nge2 Bg4 7. f3 Be6 8. d4 0-0 9. d5 Bc8 10. Be3 c5 11. dxc6 bxc6 12. 0-0 Be6 13. b3 Qc7 14. Rc1 Nd7 15. Nd5 Qd8 16. Nxe7+ Qxe7 17. Qd2 Rad8 18. Qa5 c5 19. f4 exf4 20. gxf4 f5 21. e5 Bf7 22. Qxa7 dxe5 23. fxe5 Qxe5 24. Rf3 Nf6 25. Qxc5 Qb2 26. Re1 Ne4 27. Qc6 Rc8 28. Qb7 Rb8 29. Qc6 Qxa2 30. Nc1 Qa5 31. Rff1 Rfc8 32. Qd7 Nf6 33. Qa7 Qd8 34. h3 Rc7 35. Qa5 Rd7 36. Qxd8+ Rbxd8 37. Bf3 Ne4 38. Rd1 Be5 39. Rxd7 Rxd7 40. Rd1 Rxd1+ 41. Bxd1 f4 42. Bb6 h5 43. Nd3 Bb8 44. Kg2 g5 1/2-1/2

[Event "SRB-chT Cup"]
[Site "Kragujevac"]
[Date "2010.05.22"]
[Round "5"]
[White "Manojlovic, Sava"]
[Black "Tatisic, Milan"]
[Result "0-1"]
[WhiteElo "2107"]
[BlackElo "2224"]
[PlyCount "74"]
[EventDate "2010.05.18"]
[EventType "team-tourn"]
[EventRounds "7"]
[EventCountry "YUG"]
[SourceTitle "CBM 136 Extra"]
[Source "ChessBase"]
[SourceDate "2010.07.02"]
[SourceVersion "2"]
[SourceVersionDate "2010.07.15"]
[SourceQuality "1"]

1. Nf3 c5 2. c4 g6 3. g3 Bg7 4. Bg2 Nc6 5. Nc3 d6 6. d3 e5 7. Bd2 Nge7 8. Qc1 h6 9. a3 g5 10. h3 f5 11. Nd5 f4 12. Bc3 fxg3 13. fxg3 Nxd5 14. cxd5 Ne7 15. e4 0-0 16. Qe3 Qe8 17. b4 b6 18. 0-0 Qh5 19. h4 g4 20. Nd2 Ba6 21. Rab1 Qg6 22. b5 Bb7 23. Nc4 Rxf1+ 24. Bxf1 Rf8 25. Be2 Bxd5 26. exd5 Nxd5 27. Qd2 Nxc3 28. Qxc3 e4 29. Qc1 Bd4+ 30. Kh1 exd3 31. Bf1 d5 32. Nd2 Re8 33. Qd1 c4 34. Bg2 Re5 35. Rb4 Qe6 36. Nf1 Bc3 37. Rb1 Re1 0-1